Strategies for the new health care marketplace (Бичлэгийн дугаар. 146414)
| 000 -УДИРДЛАГА | |
|---|---|
| Удирдлага | 01766nam a22003617a 4500 |
| 003 - ХЯНАЛТЫН ТОО ТОДОРХОЙЛОГЧ | |
| Код | MN-UlNUM |
| 005 - БИЧИЛТ ХИЙСЭН ОГНОО | |
| Тухайн бичилтийг бичсэн засварласан сүүлийн огноо | 20260310181053.0 |
| 008 - ЕРӨНХИЙ МЭДЭЭЛЭЛ | |
| Ерөнхий мэдээлэл | 260310s2001 cauab b 001 0 eng |
| 020 ## - ISBN | |
| ISBN | 0787955930 |
| -- | 0787955939 |
| 040 ## - БИЧЛЭГ ҮҮСГЭГЧ БАЙГУУЛЛАГА | |
| Бичлэг үүсгэгч номын сангийн код | МУИС-ийн номын сан |
| 084 ## - ББК АНГИЛАЛ | |
| Нэмэлт тусгалт | Нэг сэдэвт бүтээл |
| ББК ангилал | 51.1 |
| Зохиогчийн гурван тэмдэгт | C 66 |
| Мэдлэгийн ялгаа | 5 - Эрүүлийг хамгаалах анагаах |
| 100 ## - ЗОХИОГЧ | |
| Зохиогчийн нэр | Coddington, Dean C |
| 245 ## - ҮНДСЭН ГАРЧИГ | |
| Номын нэр | Strategies for the new health care marketplace |
| Бага гарчгийн мэдээ | managing the convergence of consumerism and technology |
| 260 ## - ГАРАЛТЫН МЭДЭЭ | |
| Хэвлэгдсэн газар | San Francisco |
| Хэвлэлийн газар | Jossey-Bass |
| Хэвлэгдсэн он | 2001 |
| 300 ## - МАТЕРИАЛЫН ТОДОРХОЙЛОЛТ | |
| хуудасны тоо | xxviii, 418 p. : |
| Бусад тоон мэдээлэл | ill., map ; |
| Хэмжээ | 23 cm |
| 490 ## - БОТЬ / ЦУВРАЛЫН ТУХАЙ МЭДЭЭ | |
| Боть / цувралын зохиогч | The Jossey-Bass health series |
| 500 ## - Тайлбар | |
| Дансны дугаар | БС 4447 |
| 505 ## - Агуулгын тэмдэглэгээ | |
| Агуулгын тэмдэглэгээ | Learn to can better meet the needs of the new consumer-driven marketplace. Strategies for the New Health Care Marketplace--written by a team of acclaimed experts--examines the factors changing today's health care system: the growth in demand for services, the increasing influence of consumers on how services are provided, and the dramatic new advances in treatment made possible by technology. |
| 546 ## - ХЭЛНИЙ ТУХАЙ МЭДЭЭ | |
| Хэл | Англи хэл дээр, |
| 653 ## - Түлхүүр үг | |
| Түлхүүр үг | medical care |
| 653 ## - Түлхүүр үг | |
| Түлхүүр үг | medical innovations |
| 653 ## - Түлхүүр үг | |
| Түлхүүр үг | consumers |
| 653 ## - Түлхүүр үг | |
| Түлхүүр үг | medical economics |
| 700 ## - ХАМ ЗОХИОГЧИД | |
| Ба бус | Fischer, Elizabeth A |
| 700 ## - ХАМ ЗОХИОГЧИД | |
| Ба бус | Moore, Keith D |
| 740 ## - НОМЫН ГАРЧИГ | |
| Гарчиг | Understanding the Health Care Marketplace |
| 740 ## - НОМЫН ГАРЧИГ | |
| Гарчиг | Health Care Delivery and Financing Systems |
| 740 ## - НОМЫН ГАРЧИГ | |
| Гарчиг | Positioning Health Care for the Twenty-First Century Leadership and Management in the New Health Care Marketplace Governance in Health Care |
| 740 ## - НОМЫН ГАРЧИГ | |
| Гарчиг | The Future of Health Care: Essentials for Success in the New Consumer-Oriented Marketplace Successful Health Care Organizations of the Future |
| 942 ## - ЭЛЕМЕНТИЙН ТӨРӨЛ | |
| Зүйлийн төрөл | Ном |
